[Event "Kragero op"]
[Site "Kragero"]
[Date "2024.02.23"]
[Round "5"]
[White "Mierins, Emils Janis"]
[Black "Valvag, Torbjorn"]
[Result "1-0"]
[WhiteElo "2220"]
[BlackElo "1951"]
[PlyCount "101"]
[EventDate "2024.02.21"]
[EventType "swiss"]
[EventRounds "9"]
[EventCountry "NOR"]
[SourceTitle "CB09_2024"]
[SourceDate "2024.02.28"]
[SourceVersion "1"]
[SourceVersionDate "2024.02.28"]
[SourceQuality "1"]

1. e4 c5 2. Nf3 Nc6 3. d4 cxd4 4. Nxd4 Nf6 5. Nc3 e5 6. Ndb5 d6 7. Bg5 a6 8. Na3 b5 9. Nd5 Be7 10. Bxf6 Bxf6 11. Nb1 0-0 12. a4 Rb8 13. axb5 axb5 14. Na3 b4 15. Nc4 Bg5 16. Be2 Nd4 17. 0-0 Bb7 18. c3 Nxe2+ 19. Qxe2 Bxd5 20. exd5 bxc3 21. bxc3 Qd7 22. Na5 Qb5 23. c4 Qc5 24. Nc6 Ra8 25. Qg4 h6 26. Qd7 Bf6 27. Rxa8 Rxa8 28. Qb7 Ra4 29. Qc8+ Kh7 30. Qf5+ Kg8 31. Rb1 Ra8 32. Qe4 g6 33. Qc2 Kg7 34. g3 Qa3 35. Kg2 Ra4 36. Rb6 e4 37. Qxe4 Qc5 38. Rb7 Ra2 39. Qf4 Ra8 40. Rd7 g5 41. Qxd6 Qxc4 42. Qe6 Rf8 43. h3 h5 44. Rb7 h4 45. gxh4 gxh4 46. Qf5 Rg8 47. Rb4 Kf8+ 48. Kh2 Qc1 49. Rb8+ Kg7 50. Rxg8+ Kxg8 51. Qxf6 1-0

[Event "Kragero op"]
[Site "Kragero"]
[Date "2024.02.21"]
[Round "1"]
[White "Mierins, Emils Janis"]
[Black "Horvath, Dominik"]
[Result "1/2-1/2"]
[WhiteElo "2220"]
[BlackElo "2555"]
[PlyCount "61"]
[EventDate "2024.02.21"]
[EventType "swiss"]
[EventRounds "9"]
[EventCountry "NOR"]
[SourceTitle "CB09_2024"]
[SourceDate "2024.02.28"]
[SourceVersion "1"]
[SourceVersionDate "2024.02.28"]
[SourceQuality "1"]

1. e4 c5 2. Nf3 e6 3. d4 cxd4 4. Nxd4 Nc6 5. Nc3 a6 6. Be2 Qc7 7. Be3 Nf6 8. 0-0 Be7 9. f4 d6 10. Kh1 Nxd4 11. Bxd4 e5 12. Be3 exf4 13. Bxf4 Be6 14. Qe1 Nd7 15. Qg3 g6 16. Bg4 0-0 17. Rad1 Ne5 18. Bxe6 fxe6 19. Qh3 Qd7 20. Bxe5 dxe5 21. Nd5 Bc5 22. b4 Ba7 23. Rf6 Rae8 24. Rdf1 Qd6 25. Rf7 Rxf7 26. Rxf7 Kxf7 27. Qxh7+ Kf8 28. Qh8+ Kf7 29. Qh7+ Kf8 30. Qh8+ Kf7 31. Qh7+ 1/2-1/2

[Event "Groningen op 59th"]
[Site "Groningen"]
[Date "2023.12.30"]
[Round "9"]
[White "Mierins, Emils Janis"]
[Black "Goudriaan, Rafael"]
[Result "1-0"]
[WhiteElo "2258"]
[BlackElo "2039"]
[PlyCount "53"]
[EventDate "2023.12.21"]
[EventType "swiss"]
[EventRounds "9"]
[EventCountry "NED"]
[SourceTitle "CB04_2024"]
[SourceDate "2023.10.16"]
[SourceVersion "1"]
[SourceVersionDate "2023.10.16"]
[SourceQuality "1"]

1. e4 c5 2. Nf3 d6 3. d4 cxd4 4. Qxd4 Nf6 5. Bb5+ Bd7 6. c4 a6 7. Bxd7+ Nbxd7 8. Nc3 g6 9. 0-0 Bg7 10. Qd3 0-0 11. Bd2 Qc7 12. Rac1 Rac8 13. b3 Nc5 14. Qe2 e6 15. h3 Rfd8 16. Rfd1 b6 17. Bf4 Qb7 18. Nd2 d5 19. e5 Nfe4 20. Nf3 dxc4 21. Rxd8+ Rxd8 22. Nxe4 Qxe4 23. Qxe4 Nxe4 24. Rxc4 Nc5 25. Be3 Nd7 26. Rd4 Bf8 27. Bg5 1-0

[Event "Groningen op 59th"]
[Site "Groningen"]
[Date "2023.12.27"]
[Round "6"]
[White "Mierins, Emils Janis"]
[Black "Kumar, Prajit Sai"]
[Result "1-0"]
[WhiteElo "2258"]
[BlackElo "2172"]
[PlyCount "67"]
[EventDate "2023.12.21"]
[EventType "swiss"]
[EventRounds "9"]
[EventCountry "NED"]
[SourceTitle "CB04_2024"]
[SourceDate "2023.10.16"]
[SourceVersion "1"]
[SourceVersionDate "2023.10.16"]
[SourceQuality "1"]

1. e4 c5 2. Nf3 Nc6 3. d4 cxd4 4. Nxd4 Nf6 5. Nc3 d6 6. h3 e5 7. Nf3 h6 8. Bc4 Be7 9. 0-0 Be6 10. Qe2 0-0 11. Rd1 Rc8 12. Nd5 Re8 13. c3 Nh7 14. a4 Bg5 15. Nxg5 Nxg5 16. f3 Ne7 17. Nxe7+ Rxe7 18. Bd5 Bxd5 19. Rxd5 Re6 20. Be3 a6 21. Rad1 f6 22. a5 Nf7 23. Bb6 Qe8 24. c4 Re7 25. b3 Kh7 26. Kh2 Qc6 27. Rc1 Qe8 28. Rcd1 Qc6 29. Be3 Kg8 30. Qd2 Rcc7 31. Qb4 Kh7 32. Bb6 Rc8 33. c5 dxc5 34. Rxc5 1-0

[Event "Groningen op 59th"]
[Site "Groningen"]
[Date "2023.12.21"]
[Round "1"]
[White "Romanov, Evgeny"]
[Black "Mierins, Emils Janis"]
[Result "1-0"]
[WhiteElo "2561"]
[BlackElo "2258"]
[PlyCount "69"]
[EventDate "2023.12.21"]
[EventType "swiss"]
[EventRounds "9"]
[EventCountry "NED"]
[SourceTitle "CB04_2024"]
[SourceDate "2023.10.16"]
[SourceVersion "1"]
[SourceVersionDate "2023.10.16"]
[SourceQuality "1"]

1. d4 Nf6 2. c4 e6 3. Nf3 b6 4. g3 Bb7 5. Bg2 Bb4+ 6. Bd2 a5 7. 0-0 0-0 8. Bf4 Be7 9. Qc2 Be4 10. Qd2 h6 11. Rd1 g5 12. Be5 Nh7 13. Nc3 Bb7 14. d5 d6 15. dxe6 dxe5 16. exf7+ Kh8 17. Qc2 Bd6 18. Nxe5 Bxg2 19. Ng6+ Kg7 20. Nxf8 Qxf8 21. Kxg2 Qxf7 22. Qe4 Ra7 23. Nb5 Nf6 24. Qf3 g4 25. Qf5 Ra8 26. Nxd6 cxd6 27. Rxd6 Nbd7 28. Rad1 Nc5 29. Rxb6 Nce4 30. f3 Ng5 31. Rdd6 gxf3+ 32. exf3 Ngh7 33. Qe6 Qf8 34. Rb7+ Kh8 35. Rf7 1-0

[Event "Riga Christmas"]
[Site "Riga"]
[Date "2023.12.07"]
[Round "5"]
[White "Vingris, Mikelis"]
[Black "Mierins, Emils Janis"]
[Result "1/2-1/2"]
[WhiteElo "2129"]
[BlackElo "2258"]
[PlyCount "50"]
[EventDate "2023.12.04"]
[EventType "tourn"]
[EventRounds "9"]
[EventCountry "LAT"]
[EventCategory "2"]
[SourceTitle "CB50_2023"]
[SourceDate "2023.12.13"]
[SourceVersion "1"]
[SourceVersionDate "2023.12.13"]
[SourceQuality "1"]

1. e4 c6 2. d4 d5 3. exd5 cxd5 4. Bd3 Nc6 5. c3 Qc7 6. Ne2 Bg4 7. 0-0 e6 8. Qe1 Bd6 9. f3 Bh5 10. Qh4 Bg6 11. Bxg6 fxg6 12. Bf4 Nf6 13. Bxd6 Qxd6 14. Qg3 Qxg3 15. hxg3 0-0 16. Na3 Rfe8 17. Nf4 e5 18. dxe5 Rxe5 19. Rfe1 Rae8 20. Nd3 Re2 21. Rxe2 Rxe2 22. Rd1 g5 23. Kf1 Re7 24. Nc2 Kf7 25. Re1 Nd7 1/2-1/2

[Event "Wch U18"]
[Site "Montesilvano"]
[Date "2023.11.23"]
[Round "10"]
[White "Frank, Adam"]
[Black "Mierins, Emils Janis"]
[Result "1-0"]
[WhiteElo "2330"]
[BlackElo "2208"]
[PlyCount "67"]
[EventDate "2023.11.13"]
[EventType "swiss"]
[EventRounds "11"]
[EventCountry "ITA"]
[SourceTitle "CB48_2023"]
[SourceDate "2023.11.29"]
[SourceVersion "1"]
[SourceVersionDate "2023.11.29"]
[SourceQuality "1"]

1. e4 c6 2. d4 d5 3. Nd2 dxe4 4. Nxe4 Bf5 5. Ng3 Bg6 6. h4 h6 7. f4 e6 8. h5 Bh7 9. Nf3 Nd7 10. Bd3 Bxd3 11. Qxd3 Ngf6 12. Bd2 Qc7 13. Ne5 Bd6 14. 0-0-0 0-0 15. Ne2 c5 16. g4 cxd4 17. Nxd7 Nxd7 18. g5 Nc5 19. Qxd4 e5 20. Qd5 hxg5 21. h6 g6 22. Bc3 Rad8 23. h7+ Kh8 24. fxe5 Be7 25. e6+ f6 26. Qxg5 Nb3+ 27. axb3 Qxc3 28. Qxg6 Qe3+ 29. Kb1 Qg5 30. Nf4 Qxf4 31. Rxd8 Bxd8 32. Rg1 Qc7 33. Qg8+ Rxg8 34. hxg8Q# 1-0

[Event "Wch U18"]
[Site "Montesilvano"]
[Date "2023.11.17"]
[Round "5"]
[White "Mierins, Emils Janis"]
[Black "Tadic, Stefan"]
[Result "1-0"]
[WhiteElo "2208"]
[BlackElo "2407"]
[PlyCount "79"]
[EventDate "2023.11.13"]
[EventType "swiss"]
[EventRounds "11"]
[EventCountry "ITA"]
[SourceTitle "CB48_2023"]
[SourceDate "2023.11.29"]
[SourceVersion "1"]
[SourceVersionDate "2023.11.29"]
[SourceQuality "1"]

1. d4 Nf6 2. c4 c5 3. d5 e6 4. Nc3 exd5 5. cxd5 d6 6. e4 g6 7. Nf3 Bg7 8. Bc4 0-0 9. 0-0 Na6 10. Re1 Nc7 11. h3 a6 12. a4 Rb8 13. Qd3 Bd7 14. Bf4 b5 15. axb5 Bxb5 16. e5 Bxc4 17. Qxc4 Rb4 18. Qd3 Rxf4 19. exf6 Bxf6 20. Ne4 Rf5 21. Rad1 Bxb2 22. Qb3 Qb8 23. Qa2 Rxf3 24. gxf3 Bd4 25. Rxd4 cxd4 26. Nf6+ Kg7 27. Nd7 Qb4 28. Rb1 Qc3 29. Nxf8 Kxf8 30. Rd1 Qxf3 31. Rxd4 Qxh3 32. Qc4 Qd7 33. Rh4 h5 34. Qc3 Qf5 35. Rb4 Qg5+ 36. Kf1 Nb5 37. Qh8+ Ke7 38. Re4+ Kd7 39. Qe8+ Kc7 40. Qc6+ 1-0

[Event "Wch U18"]
[Site "Montesilvano"]
[Date "2023.11.15"]
[Round "3"]
[White "Olsson, William"]
[Black "Mierins, Emils Janis"]
[Result "1/2-1/2"]
[WhiteElo "2372"]
[BlackElo "2208"]
[PlyCount "156"]
[EventDate "2023.11.13"]
[EventType "swiss"]
[EventRounds "11"]
[EventCountry "ITA"]
[SourceTitle "CB48_2023"]
[SourceDate "2023.11.29"]
[SourceVersion "1"]
[SourceVersionDate "2023.11.29"]
[SourceQuality "1"]

1. c4 c6 2. Nf3 d5 3. d4 Nf6 4. Nc3 e6 5. e3 Be7 6. b3 0-0 7. Bd3 Nbd7 8. 0-0 b6 9. Qe2 Bb7 10. Bb2 Re8 11. Rfd1 c5 12. cxd5 exd5 13. Rac1 Bf8 14. Ba6 Qc8 15. Bxb7 Qxb7 16. Qd3 Rad8 17. dxc5 Nxc5 18. Qf5 h6 19. Nd4 Nfe4 20. Nde2 g6 21. Qf3 Bg7 22. Nd4 Ng5 23. Qg4 Nce4 24. Ncb5 Rd7 25. h4 Ne6 26. Qe2 N6c5 27. Nf3 Nf6 28. b4 Ne6 29. Ne5 Rdd8 30. Nc6 Rd7 31. Be5 Ne4 32. Qb2 a6 33. Nbd4 Bf8 34. Nf3 Rc8 35. Ncd4 Nxd4 36. Qxd4 Rxc1 37. Rxc1 Nd6 38. Qf4 Ne4 39. Bd4 Re7 40. Nd2 Bg7 41. Nb3 Qd7 42. Qb8+ Re8 43. Qxb6 Re6 44. Qc7 Qa4 45. Qd8+ Re8 46. Qa5 Qb5 47. Qxb5 axb5 48. Bxg7 Kxg7 49. Rc6 Ra8 50. Na5 Rd8 51. f3 Ng3 52. Kf2 Nf5 53. e4 Nd4 54. Rc5 dxe4 55. fxe4 Ne6 56. Rxb5 Rd2+ 57. Kg3 Rxa2 58. Nc4 g5 59. hxg5 hxg5 60. Nd6 Kg6 61. Rb8 Rd2 62. Nf5 Re2 63. Kf3 Re1 64. g4 Kf6 65. b5 Rb1 66. b6 Rb3+ 67. Ke2 Nc5 68. Re8 Ne6 69. Rb8 Nc5 70. Nd6 Ke6 71. Nc4 Rb4 72. Nd2 Nd7 73. Re8+ Kf6 74. Kf3 Rxb6 75. e5+ Nxe5+ 76. Rxe5 Kxe5 77. Nc4+ Ke6 78. Nxb6 f5 1/2-1/2

[Event "Berlin Radtke Memorial op"]
[Site "Berlin"]
[Date "2023.10.27"]
[Round "7"]
[White "Mierins, Emils Janis"]
[Black "Petersen, Marcel"]
[Result "1-0"]
[WhiteElo "2205"]
[BlackElo "2043"]
[PlyCount "91"]
[EventDate "2023.10.23"]
[EventType "swiss"]
[EventRounds "9"]
[EventCountry "GER"]
[SourceTitle "Mega2024 Update 01"]
[Source "Chessbase"]
[SourceDate "2023.11.12"]
[SourceVersion "1"]
[SourceVersionDate "2023.11.12"]
[SourceQuality "1"]

1. e4 e5 2. Nf3 Nc6 3. Bb5 a6 4. Ba4 g6 5. 0-0 Nge7 6. c3 b5 7. Bc2 Bg7 8. d4 exd4 9. cxd4 0-0 10. Bg5 h6 11. Be3 d6 12. h3 Na5 13. Nbd2 c5 14. dxc5 dxc5 15. Bxc5 Bxb2 16. Rb1 Bg7 17. Nb3 Qxd1 18. Rfxd1 Nac6 19. Nbd4 Re8 20. a4 Nxd4 21. Nxd4 Bxd4 22. Rxd4 Be6 23. axb5 Rac8 24. Bxe7 axb5 25. Bf6 Rxc2 26. Rxb5 Rc4 27. Rxc4 Bxc4 28. Rc5 Bb3 29. f3 h5 30. Kf2 Kh7 31. g4 Re6 32. e5 Re8 33. Kg3 Be6 34. Kh4 Rc8 35. Ra5 hxg4 36. hxg4 Kg8 37. Kg5 Kf8 38. Ra3 Ke8 39. Rd3 Bd7 40. f4 Rc1 41. e6 fxe6 42. Kxg6 Rc4 43. Be5 Bc6 44. Kf6 Bd5 45. Rh3 Be4 46. Kxe6 1-0

[Event "Wch U20 60th"]
[Site "Mexico City"]
[Date "2023.09.29"]
[Round "8"]
[White "Ramos Silvera, Roberto Alejandro"]
[Black "Mierins, Emils Janis"]
[Result "1-0"]
[WhiteElo "2297"]
[BlackElo "2149"]
[PlyCount "83"]
[EventDate "2023.09.21"]
[EventType "swiss"]
[EventRounds "11"]
[EventCountry "MEX"]
[SourceTitle "EXT 2024"]
[Source "ChessBase"]
[SourceDate "2023.10.10"]
[SourceVersion "1"]
[SourceVersionDate "2023.10.10"]
[SourceQuality "1"]

1. Nf3 Nf6 2. c4 e6 3. d4 b6 4. g3 Bb7 5. Bg2 Bb4+ 6. Bd2 a5 7. 0-0 0-0 8. Bg5 Be7 9. Nc3 Ne4 10. Bxe7 Qxe7 11. Qc2 Nxc3 12. Qxc3 d6 13. Rac1 Nd7 14. Rfd1 f5 15. Qc2 Be4 16. Qa4 Nf6 17. c5 Rfb8 18. cxd6 cxd6 19. Nd2 b5 20. Qa3 Bxg2 21. Kxg2 Nd5 22. Qf3 Rc8 23. Re1 Qg5 24. e3 h6 25. h4 Qf6 26. Qe2 Qd8 27. Rxc8 Rxc8 28. e4 fxe4 29. Qxe4 Qd7 30. Qxe6+ Qxe6 31. Rxe6 Rc2 32. Ne4 Rxb2 33. Rxd6 Ne3+ 34. Kf3 Nc4 35. Rd8+ Kf7 36. Rd7+ Kf8 37. Rb7 b4 38. Kf4 Rxa2 39. d5 Re2 40. f3 g6 41. d6 h5 42. Rb8+ 1-0

[Event "Vienna Ottakring 100 Years"]
[Site "Vienna"]
[Date "2023.09.03"]
[Round "9"]
[White "Mierins, Emils Janis"]
[Black "Lenhardt, Manfred"]
[Result "1-0"]
[WhiteElo "2174"]
[BlackElo "1981"]
[PlyCount "43"]
[EventDate "2023.08.26"]
[EventType "swiss"]
[EventRounds "9"]
[EventCountry "AUT"]
[SourceTitle "EXT 2024"]
[Source "ChessBase"]
[SourceDate "2023.10.10"]
[SourceVersion "1"]
[SourceVersionDate "2023.10.10"]
[SourceQuality "1"]

1. e4 e6 2. d4 d5 3. Nd2 c5 4. exd5 Qxd5 5. Ngf3 cxd4 6. Bc4 Qd7 7. 0-0 Nc6 8. Nb3 a6 9. Nbxd4 Nxd4 10. Nxd4 Nf6 11. c3 Be7 12. Re1 Qc7 13. Bb3 0-0 14. Qe2 Bd7 15. Bg5 Nd5 16. Bxe7 Nxe7 17. Qh5 Ng6 18. Bc2 Rae8 19. Nf3 e5 20. Ng5 h6 21. Nxf7 Rxf7 22. Bxg6 1-0

[Event "Panevezys op"]
[Site "Panevezys"]
[Date "2023.08.19"]
[Round "4"]
[White "Mierins, Emils Janis"]
[Black "Maklakova, Naomi"]
[Result "1-0"]
[WhiteElo "2174"]
[BlackElo "1744"]
[PlyCount "77"]
[EventDate "2023.08.18"]
[EventType "swiss"]
[EventRounds "7"]
[EventCountry "LTU"]
[SourceTitle "EXT 2024"]
[Source "ChessBase"]
[SourceDate "2023.10.10"]
[SourceVersion "1"]
[SourceVersionDate "2023.10.10"]
[SourceQuality "1"]

1. c4 e5 2. Nc3 Nf6 3. e3 d5 4. cxd5 Nxd5 5. Nf3 Nxc3 6. bxc3 Bd6 7. Ba3 Nc6 8. Bxd6 cxd6 9. d4 e4 10. Nd2 d5 11. c4 0-0 12. Rb1 Rb8 13. cxd5 Qxd5 14. Qc2 Re8 15. Rb5 Qd6 16. Qb2 b6 17. Nc4 Qg6 18. h4 h6 19. h5 Qg4 20. g3 Ba6 21. Rd5 Rbd8 22. Rxd8 Rxd8 23. Rh4 Qe6 24. Nd2 Bxf1 25. Rxe4 Qd5 26. Kxf1 Qxh5 27. Kg2 Na5 28. Re5 Qd1 29. Qc3 Qa4 30. Re7 Qxa2 31. Rxa7 Qd5+ 32. Kg1 Nb7 33. Qc7 Na5 34. Qxb6 Nc6 35. Rc7 Ne5 36. Rc5 Nf3+ 37. Nxf3 Qxf3 38. Qxd8+ Kh7 39. Rc1 1-0

[Event "Panevezys op"]
[Site "Panevezys"]
[Date "2023.08.19"]
[Round "5"]
[White "Nainys, Zanas1111"]
[Black "Mierins, Emils Janis"]
[Result "0-1"]
[WhiteElo "1862"]
[BlackElo "2174"]
[PlyCount "136"]
[EventDate "2023.08.18"]
[EventType "swiss"]
[EventRounds "7"]
[EventCountry "LTU"]
[SourceTitle "EXT 2024"]
[Source "ChessBase"]
[SourceDate "2023.10.10"]
[SourceVersion "1"]
[SourceVersionDate "2023.10.10"]
[SourceQuality "1"]

1. d4 Nf6 2. c4 c5 3. d5 b5 4. Nd2 g6 5. e4 d6 6. b3 Bg7 7. Bb2 0-0 8. Bd3 b4 9. Ne2 a5 10. 0-0 Bd7 11. h3 a4 12. Rb1 axb3 13. axb3 Ra2 14. Qc2 e6 15. Rfe1 Re8 16. f3 Qc8 17. Nc1 Ra5 18. Be2 Na6 19. Nd3 Nc7 20. Bf1 Qb7 21. f4 exd5 22. exd5 h5 23. Rxe8+ Ncxe8 24. Nf2 Ra2 25. Bd3 Qc8 26. Nf3 Nh7 27. Qc1 Nef6 28. Qe1 Bf5 29. Qe3 Nxd5 30. cxd5 Rxb2 31. Re1 Nf6 32. Ng5 Bf8 33. Bc4 Qd8 34. Qf3 Qd7 35. Qe3 h4 36. Nf3 Bg7 37. Nxh4 Bc2 38. Nf3 Nh7 39. Nd3 Bxd3 40. Qxd3 Bc3 41. Re2 Rxe2 42. Qxe2 Qf5 43. Qe3 Nf6 44. g4 Qb1+ 45. Kg2 Qc2+ 46. Qf2 Qe4 47. Kg1 Qxf4 48. Qe2 Kg7 49. Nh2 Bd4+ 50. Kg2 Be5 51. Nf1 Qd4 52. Qe3 Qb2+ 53. Qf2 Qb1 54. Nd2 Qc1 55. Nf3 Bc3 56. Qe2 Qf4 57. Nh2 Bd4 58. Nf1 Nd7 59. Bd3 Ne5 60. Bc2 Qc1 61. Qd2 Qa1 62. Qe2 Qb2 63. Ng3 c4 64. bxc4 b3 65. Be4 Qc1 66. Qf1 b2 67. Ne2 Qd2 68. Kh1 Nxc4 0-1

[Event "Panevezys op"]
[Site "Panevezys"]
[Date "2023.08.19"]
[Round "3"]
[White "Posaskov, Nikita"]
[Black "Mierins, Emils Janis"]
[Result "1-0"]
[WhiteElo "2055"]
[BlackElo "2174"]
[PlyCount "89"]
[EventDate "2023.08.18"]
[EventType "swiss"]
[EventRounds "7"]
[EventCountry "LTU"]
[SourceTitle "EXT 2024"]
[Source "ChessBase"]
[SourceDate "2023.10.10"]
[SourceVersion "1"]
[SourceVersionDate "2023.10.10"]
[SourceQuality "1"]

1. Nf3 Nf6 2. c4 e6 3. b3 d5 4. Bb2 Be7 5. cxd5 exd5 6. e3 Bf5 7. Be2 0-0 8. 0-0 Re8 9. d3 h6 10. Nbd2 c5 11. Rc1 Bd6 12. d4 Nbd7 13. dxc5 Nxc5 14. Nd4 Bd7 15. Nb5 Bxb5 16. Bxb5 Re6 17. Nf3 a6 18. Be2 Qd7 19. Qd4 Nce4 20. Rfd1 Rae8 21. Bd3 Qe7 22. Bxe4 dxe4 23. Ne1 Be5 24. Qd2 Ng4 25. h3 Bxb2 26. Qxb2 Ne5 27. Qd4 Nc6 28. Qd7 Qh4 29. Qxb7 Ne5 30. Rc8 Rxc8 31. Qxc8+ Kh7 32. Qc2 Rg6 33. Rd4 f5 34. Kf1 Rc6 35. Qd2 Qe7 36. Rd5 Qe6 37. Qd4 Ng6 38. Rd8 Ne7 39. Rd7 Rb6 40. Rxe7 Qxe7 41. Qxb6 Qa3 42. Qe6 Qa5 43. a4 h5 44. b4 Qxb4 45. Qxa6 1-0

[Event "Riga Tech Rapid op"]
[Site "Riga"]
[Date "2023.08.06"]
[Round "5"]
[White "Mierins, Emils Janis"]
[Black "Lumiste, Rene"]
[Result "1/2-1/2"]
[WhiteElo "2174"]
[BlackElo "2111"]
[PlyCount "103"]
[EventDate "2023.08.06"]
[EventType "swiss (rapid)"]
[EventRounds "9"]
[EventCountry "LAT"]
[SourceTitle "CBM 215 Extra"]
[Source "ChessBase"]
[SourceDate "2023.09.30"]
[SourceVersion "1"]
[SourceVersionDate "2023.09.30"]
[SourceQuality "1"]

1. e4 d5 2. exd5 Qxd5 3. Nc3 Qa5 4. d4 Nf6 5. Nf3 c6 6. Bc4 Bg4 7. h3 Qh5 8. Be2 e6 9. Bf4 Nbd7 10. Qd3 Bxf3 11. Bxf3 Qa5 12. 0-0 Be7 13. Rfe1 0-0 14. a3 Nd5 15. Bd2 Nxc3 16. Bxc3 Qc7 17. Bd2 Rfe8 18. Re2 Rad8 19. Rae1 Bf6 20. Qe4 Nf8 21. Bf4 Qa5 22. c3 Ng6 23. Bg3 Qb5 24. h4 Ne7 25. h5 Qf5 26. Qe3 Bg5 27. Qe5 Qxe5 28. Bxe5 Nd5 29. Re4 f5 30. R4e2 Kf7 31. g3 Bf6 32. Kg2 Bxe5 33. Rxe5 Nf6 34. a4 Re7 35. a5 a6 36. Bd1 Rd5 37. Bb3 Rxe5 38. Rxe5 Nd5 39. f3 Kf6 40. Kf2 g6 41. hxg6 hxg6 42. Kg2 g5 43. Bc4 Rh7 44. Re1 f4 45. Bxd5 cxd5 46. gxf4 gxf4 47. Ra1 Rg7+ 48. Kf2 Rh7 49. Kg2 Rg7+ 50. Kf2 Rh7 51. Kg2 Rg7+ 52. Kf2 1/2-1/2

[Event "Parnu Keres Memorial op"]
[Site "Parnu"]
[Date "2023.07.25"]
[Round "3"]
[White "Kantans, Toms"]
[Black "Mierins, Emils Janis"]
[Result "0-1"]
[WhiteElo "2500"]
[BlackElo "2174"]
[PlyCount "64"]
[EventDate "2023.07.24"]
[EventType "swiss"]
[EventRounds "9"]
[EventCountry "EST"]
[SourceTitle "CBM 215 Extra"]
[Source "ChessBase"]
[SourceDate "2023.09.30"]
[SourceVersion "1"]
[SourceVersionDate "2023.09.30"]
[SourceQuality "1"]

1. e4 c5 2. Nf3 e6 3. d4 cxd4 4. Nxd4 Nf6 5. Nc3 Nc6 6. Nxc6 bxc6 7. e5 Nd5 8. Ne4 Qc7 9. f4 Rb8 10. c4 Bb4+ 11. Ke2 0-0 12. Qc2 f6 13. cxd5 exd5 14. a3 Ba5 15. b4 Bb6 16. Nd6 fxe5 17. Nxc8 Rbxc8 18. Kd1 Rce8 19. Ra2 e4 20. g3 d4 21. a4 d3 22. Qc3 a5 23. b5 c5 24. Qc4+ Kh8 25. Bg2 d5 26. Qxd5 e3 27. Qc6 Qf7 28. Bd5 Qf5 29. Re1 c4 30. Ba3 e2+ 31. Kd2 Be3+ 32. Kc3 d2 0-1

[Event "Wch U18 rapid"]
[Site "Batumi"]
[Date "2023.06.08"]
[Round "11"]
[White "Qalichava, Akaki"]
[Black "Mierins, Emils Janis"]
[Result "1-0"]
[WhiteElo "2231"]
[BlackElo "2174"]
[PlyCount "51"]
[EventDate "2023.06.06"]
[EventType "swiss (rapid)"]
[EventRounds "11"]
[EventCountry "GEO"]
[SourceTitle "CBM 214 Extra"]
[Source "ChessBase"]
[SourceDate "2023.07.31"]
[SourceVersion "1"]
[SourceVersionDate "2023.07.31"]
[SourceQuality "1"]

1. e4 c6 2. d4 d5 3. exd5 cxd5 4. Bd3 Nc6 5. c3 Nf6 6. Bf4 Bg4 7. Qb3 Qd7 8. Nd2 e6 9. Ngf3 Bd6 10. Bxd6 Qxd6 11. 0-0 0-0 12. Rae1 Qc7 13. Ne5 Nxe5 14. dxe5 Nd7 15. Qb4 Bh5 16. Qh4 Bg6 17. Bxg6 fxg6 18. Nf3 Qd8 19. Qg4 Qe7 20. Nd4 Rae8 21. Re3 a6 22. h4 Nc5 23. h5 gxh5 24. Qxh5 Ne4 25. Qg4 Qg5 26. Rxe4 1-0

[Event "Kuressaare EST-LAT-LTU"]
[Site "Kuressaare"]
[Date "2023.06.02"]
[Round "3.5"]
[White "Mierins, Emils Janis"]
[Black "Povilaitis, Tomas"]
[Result "1-0"]
[WhiteElo "2174"]
[BlackElo "2021"]
[PlyCount "68"]
[EventDate "2023.06.01"]
[EventType "team-tourn"]
[EventRounds "3"]
[EventCountry "EST"]
[SourceTitle "CBM 214 Extra"]
[Source "ChessBase"]
[SourceDate "2023.07.31"]
[SourceVersion "1"]
[SourceVersionDate "2023.07.31"]
[SourceQuality "1"]
[WhiteTeam "Latvia"]
[BlackTeam "Lithuania"]
[WhiteTeamCountry "LAT"]
[BlackTeamCountry "LTU"]

1. e4 c5 2. Nf3 Nc6 3. d4 cxd4 4. Nxd4 e5 5. Nb5 d6 6. N1c3 a6 7. Na3 b5 8. Nd5 Nge7 9. c4 Nxd5 10. exd5 Nd4 11. cxb5 g6 12. Bd3 Bg7 13. 0-0 0-0 14. Be3 Nf5 15. Bxf5 gxf5 16. bxa6 Bxa6 17. Re1 Qa5 18. Bd2 Qxd5 19. Bc3 Qc6 20. Nc2 Bb7 21. f3 Rfe8 22. Ne3 f4 23. Nf5 Bf8 24. Qd3 Ba6 25. Qd2 Bc8 26. Qd3 Qd7 27. g4 fxg3 28. Nxg3 f5 29. Qd5+ Qf7 30. Qxa8 f4 31. Ne4 d5 32. Qxd5 Re6 33. Kh1 Bb7 34. Rg1+ Kh8 1-0

[Event "Kragero op"]
[Site "Kragero"]
[Date "2023.02.24"]
[Round "5"]
[White "Elmi, Saad Abobaker"]
[Black "Mierins, Emils Janis"]
[Result "1-0"]
[WhiteElo "2333"]
[BlackElo "2147"]
[PlyCount "35"]
[EventDate "2023.02.22"]
[EventType "swiss"]
[EventRounds "9"]
[EventCountry "NOR"]
[SourceTitle "CBM 212 Extra"]
[Source "ChessBase"]
[SourceDate "2023.03.31"]
[SourceVersion "1"]
[SourceVersionDate "2023.03.31"]
[SourceQuality "1"]

1. e4 c5 2. Nf3 e6 3. c3 d5 4. e5 d4 5. Bd3 Bd7 6. cxd4 cxd4 7. 0-0 Bc6 8. Na3 Nd7 9. Nc2 Ne7 10. Re1 Nc5 11. Bc4 b5 12. Bf1 Nf5 13. b4 Na4 14. Bd3 Rc8 15. Bxf5 Bxf3 16. Qxf3 exf5 17. e6 fxe6 18. Qxf5 1-0

[Event "Kragero op"]
[Site "Kragero"]
[Date "2023.02.23"]
[Round "3"]
[White "Mierins, Emils Janis"]
[Black "Domalchuk Jonasson, Aleksandr"]
[Result "1-0"]
[WhiteElo "2147"]
[BlackElo "2336"]
[PlyCount "79"]
[EventDate "2023.02.22"]
[EventType "swiss"]
[EventRounds "9"]
[EventCountry "NOR"]
[SourceTitle "CBM 212 Extra"]
[Source "ChessBase"]
[SourceDate "2023.03.31"]
[SourceVersion "1"]
[SourceVersionDate "2023.03.31"]
[SourceQuality "1"]

1. e4 c5 2. Nf3 Nc6 3. d4 cxd4 4. Nxd4 Nf6 5. Nc3 d6 6. f3 e6 7. Be3 h5 8. Qd2 a6 9. Be2 Bd7 10. a4 Rc8 11. Nxc6 Bxc6 12. 0-0 Be7 13. Kh1 h4 14. Rad1 Nh5 15. Kg1 g5 16. f4 Nxf4 17. Bxf4 gxf4 18. Qxf4 f6 19. Bg4 Bd7 20. Kh1 Qa5 21. Qf3 Qe5 22. Qh3 Rc7 23. Qd3 Rg8 24. Bh3 b5 25. axb5 axb5 26. Ne2 Rc4 27. Nd4 d5 28. exd5 Bd6 29. Nf3 Qxd5 30. Qh7 Rg5 31. Rxd5 Rxd5 32. Qh8+ Ke7 33. Nxh4 f5 34. Ng6+ Kf7 35. Qh7+ Kf6 36. Qxd7 Rxc2 37. Nh8 Rf2 38. Qf7+ Ke5 39. Ng6+ Kd4 40. Rxf2 1-0